|
|
|
|
| LEADER |
00621nab a2200181 i 4500 |
| 001 |
misc25564 |
| 005 |
20191108150052.0 |
| 008 |
170828s1962 hu o 0|| zxx d |
| 040 |
|
|
|a SZTE Miscellanea Repozitórium
|b hun
|
| 041 |
|
|
|a zxx
|
| 100 |
1 |
|
|a Joó Ferenc
|
| 245 |
1 |
0 |
|a Cholinesterase activity of intercalated discs (Eberth's lines) in mammalian heart muscle
|h [elektronikus dokumentum] /
|c Joó Ferenc
|
| 260 |
|
|
|c 1962
|
| 300 |
|
|
|a 1-4
|
| 490 |
0 |
|
|a Kolligátum
|
| 695 |
|
|
|a Idegrendszer - anatómia
|
| 700 |
0 |
1 |
|a Csillik Bertalan
|e aut
|
| 856 |
4 |
0 |
|u http://misc.bibl.u-szeged.hu/25564/1/017_019_001-004.pdf
|z Dokumentum-elérés
|